Library of the University of Algiers 3
Ibrahim Sultan Cheibout
شعار جامعة الجزائر 3
مكتبة جامعة الجزائر 3
إبراهيم سلطان شيبوط

القضاء الإداري ومجلس شورى الدولة اللبناني / (رقم التسجيلة. 41561)

تفاصيل مارك
000 -LEADER
fixed length control field 01526nam a2200217Ia 4500
003 - CONTROL NUMBER IDENTIFIER
control field Ost
005 - DATE AND TIME OF LATEST TRANSACTION
control field 20260507074850.0
008 - FIXED-LENGTH DATA ELEMENTS--GENERAL INFORMATION
fixed length control field 260507s9999||||xx |||||||||||||| ||und||
040 ## - CATALOGING SOURCE
Transcribing agency fsecg
041 ## - LANGUAGE CODE
Language code of text/sound track or separate title ara
082 ## - DEWEY DECIMAL CLASSIFICATION NUMBER
Classification number 342.06
100 ## - MAIN ENTRY--PERSONAL NAME
Personal name بسيوني، عبد الغني عبد الله
Relator term مؤلف
245 #0 - TITLE STATEMENT
Title القضاء الإداري ومجلس شورى الدولة اللبناني /
Statement of responsibility, etc. عبد الغني عبد الله بسيوني
260 ## - PUBLICATION, DISTRIBUTION, ETC.
Place of publication, distribution, etc. بيروت:
Name of publisher, distributor, etc. الدار الجامعية,
Date of publication, distribution, etc. 2001
300 ## - PHYSICAL DESCRIPTION
Extent 798 صفحة؛
Other physical details إيضاحات ؛
Dimensions 24 سم
520 ## - SUMMARY, ETC.
Summary, etc. مبدأ المشروعية وتنظيم القضاء الاداري: مبدأ المشروعية، الرقابة على أعمال الادارة وتنظيم القضاء الاداري، نطاق اختصاص القضاء الاداري اللبناني: خروج الأعمال التشريعية والاعمال القضائية من اختصاص القضاء الاداري، اختصاص القضاء الاداري بالمنازعات الادارية، تنازع الاختصاص بين القضاء العادي، دعوى الالغاء أو الابطال: شروط قبول دعوى الالغاء، أسباب الالغاء أو اوجه الابطال، أصول التقاضي واجراءات المراجعة أمام القاضي الاداري اللبناني
653 ## - INDEX TERM--UNCONTROLLED
Uncontrolled term الرقابة
653 ## - INDEX TERM--UNCONTROLLED
Uncontrolled term القانون الإداري- لبنان
653 ## - INDEX TERM--UNCONTROLLED
Uncontrolled term القضاء الاداري
942 ## - ADDED ENTRY ELEMENTS (KOHA)
Koha item type كتب
المقتنيات
Withdrawn status Lost status Source of classification or shelving scheme Damaged status Not for loan Home library Current library Date acquired Serial enumeration / chronology Inventory number Total checkouts Full call number Barcode Date last seen Price effective from Koha item type
    Dewey Decimal Classification   NOT LOAN / إعارة داخلية مكتبة كلية العلوم الإقتصادية والعلوم التجارية وعلوم التسيير مكتبة كلية العلوم الإقتصادية والعلوم التجارية وعلوم التسيير 07/05/2026 الطابق الأرضي 39114   أ/2313ن1 39114 07/05/2026 07/05/2026 كتب
    Dewey Decimal Classification   Available مكتبة كلية العلوم الإقتصادية والعلوم التجارية وعلوم التسيير مكتبة كلية العلوم الإقتصادية والعلوم التجارية وعلوم التسيير 07/05/2026 الطابق الأرضي 39115   أ/2313ن2 39115 07/05/2026 07/05/2026 كتب

موارد الويب المفتوحة


© University of Algiers 3 All Rights Reserved
|
Implemented by LECHELAH Riad